[Event "Champ FRA - Under 12"]
[Site "Europe Echecs"]
[Date "2020.07.08"]
[Round "9"]
[White "FontaineMaelys"]
[Black "PaineauMael"]
[Result "0-1"]
[WhiteElo "1500"]
[BlackElo "1121"]
[PlyCount "148"]
[EventDate "2020.??.??"]

1. d4 d5 2. Bf4 Nf6 3. Nf3 Nc6 4. e3 e6 5. Bd3 Bd6 6. Ne5 Nxe5 7. dxe5 Bb4+ 8.
c3 Be7 9. exf6 Bxf6 10. Nd2 e5 11. Bg3 Be6 12. O-O O-O 13. Qc2 e4 14. Be2 Bh4
15. Bf4 Bg5 16. f3 exf3 17. Nxf3 Bxf4 18. exf4 Qf6 19. Ng5 Bf5 20. Bd3 Bxd3 21.
Qxd3 Qb6+ 22. Rf2 Qh6 23. Qxd5 c6 24. Qe4 Rae8 25. Qc2 Re7 26. Rf3 Rfe8 27. Rh3
Qg6 28. Qxg6 hxg6 29. Nf3 Re2 30. b3 R8e4 31. Nd4 Rb2 32. f5 c5 33. Nf3 Ree2
34. fxg6 Rxg2+ 35. Kh1 Rxg6 36. Ne5 Rgg2 37. Rd1 Rgd2 38. Re1 f6 39. Nc4 Re2
40. Rxe2 Rxe2 41. Kg1 Rxa2 42. Nd6 b6 43. b4 Rd2 44. Nb5 a6 45. Na3 cxb4 46.
cxb4 Rb2 47. Rh4 Rd2 48. Nc4 Rd1+ 49. Kf2 b5 50. Ne3 Rd2+ 51. Ke1 Ra2 52. Rd4
Rxh2 53. Rd8+ Kh7 54. Ra8 Ra2 55. Nd1 Ra4 56. Nc3 Rxb4 57. Rxa6 Rb3 58. Nd5 Rd3
59. Nb4 Rb3 60. Nc6 Kg6 61. Nd4 Rb1+ 62. Kd2 Rb4 63. Nc6 Rc4 64. Na7 Re4 65.
Rb6 b4 66. Nc6 Re6 67. Ne5+ Rxe5 68. Rxb4 f5 69. Rb3 Kf6 70. Rb6+ Re6 71. Rb3
g5 72. Rf3 g4 73. Rg3 Kg5 74. Rf3 gxf3 {FontaineMaelys a abandonné} 0-1

[Event "Champ FRA - Under 12"]
[Site "Europe Echecs"]
[Date "2020.07.08"]
[Round "9"]
[White "EhrhardEmeric"]
[Black "BollengierRoma"]
[Result "0-1"]
[WhiteElo "1096"]
[BlackElo "1484"]
[PlyCount "52"]
[EventDate "2020.??.??"]

1. d4 Nf6 2. c4 c5 3. Nf3 b5 4. cxb5 a6 5. e3 axb5 6. Bxb5 Ba6 7. Nc3 Bxb5 8.
Nxb5 d6 9. dxc5 Qa5+ 10. Nc3 Qxc5 11. O-O g6 12. Re1 Bg7 13. Qc2 O-O 14. Ne4
Qxc2 15. Nxf6+ Bxf6 16. Bd2 Qxb2 17. Rac1 Rxa2 18. Kf1 Nd7 19. Rcd1 Rc8 20. Re2
Rc2 21. Ke1 Ne5 22. Nxe5 Bxe5 23. f4 Bc3 24. Bxc3 Qxc3+ 25. Kf1 Rxe2 26. Re1
Qxe1# {EhrhardEmeric est échec et mat} 0-1

[Event "Champ FRA - Under 12"]
[Site "Europe Echecs"]
[Date "2020.07.08"]
[Round "9"]
[White "AymericElijah"]
[Black "RigaudRetourne"]
[Result "0-1"]
[WhiteElo "1450"]
[BlackElo "1103"]
[PlyCount "64"]
[EventDate "2020.??.??"]

1. e4 e5 2. Nf3 Nc6 3. Nc3 Nf6 4. Bc4 Bc5 5. O-O O-O 6. h3 d6 7. d3 h6 8. a3
Be6 9. Bxe6 fxe6 10. b4 Bb6 11. b5 Nd4 12. Nxd4 Bxd4 13. Bb2 d5 14. Qb1 Bxc3
15. Bxc3 dxe4 16. dxe4 Nxe4 17. Bxe5 Nd2 18. Qb2 Nxf1 19. Kxf1 Qh4 20. f3 Qg5
21. Bxc7 Rac8 22. Bd6 Rfd8 23. Qb4 Qd5 24. Be7 Rd7 25. Bh4 Rxc2 26. Re1 Qd4 27.
Qxd4 Rxd4 28. Rxe6 Rdd2 29. Re7 Rxg2 30. Rxb7 Rh2 31. Kg1 Rxh3 32. Kf1 Rxh4 {
AymericElijah a abandonné} 0-1

[Event "Champ FRA - Under 12"]
[Site "Europe Echecs"]
[Date "2020.07.08"]
[Round "9"]
[White "MareauNoe"]
[Black "RoblinOlivier"]
[Result "0-1"]
[WhiteElo "1071"]
[BlackElo "1352"]
[PlyCount "78"]
[EventDate "2020.??.??"]

1. e4 c5 2. c3 Nc6 3. Nf3 g6 4. d4 cxd4 5. cxd4 Bg7 6. Be3 d6 7. Bb5 Bd7 8. Nc3
a6 9. Ba4 b5 10. Bc2 Nf6 11. Qd2 Ng4 12. h3 Nxe3 13. Qxe3 Qb6 14. Nd5 Qa5+ 15.
Nc3 Qb4 16. O-O Bxd4 17. Qd3 Ne5 18. Qd1 Bxc3 19. bxc3 Qxc3 20. Nxe5 Qxe5 21.
Bb3 O-O 22. Re1 Rfc8 23. Qf3 Be6 24. Bd5 Ra7 25. Re2 Rac7 26. Bxe6 Rc1+ 27. Re1
Rxa1 28. Rxa1 Qxa1+ 29. Kh2 Qe5+ 30. g3 Qxe6 31. e5 Qxe5 32. a4 b4 33. a5 Qxa5
34. h4 Qa2 35. h5 Rc2 36. Kh3 Rxf2 37. Qe3 Qe6+ 38. g4 Qxe3+ 39. Kh4 g5# {
MareauNoe est échec et mat} 0-1

[Event "Champ FRA - Under 12"]
[Site "Europe Echecs"]
[Date "2020.07.08"]
[Round "9"]
[White "CaullychurnAmb"]
[Black "ColinPenelope"]
[Result "1-0"]
[WhiteElo "1051"]
[BlackElo "1290"]
[PlyCount "83"]
[EventDate "2020.??.??"]

1. e4 e5 2. Nf3 Nc6 3. Bc4 Bc5 4. c3 Nf6 5. d4 exd4 6. cxd4 Bb6 7. Bg5 O-O 8.
e5 h6 9. Bh4 g5 10. exf6 gxh4 11. Nxh4 Qxf6 12. Qg4+ Kh8 13. Qg3 Rg8 14. Qh3 d5
15. Qe3 dxc4 16. g3 Bh3 17. Nd2 Rae8 18. Ne4 Qe6 19. f3 Bxd4 20. Qd2 Bb6 21.
O-O-O Ba5 22. Qf4 Nd4 23. Qf6+ Kh7 24. Qxd4 Bb6 25. Qc3 Bc5 26. Nxc5 Qc6 27.
Ne4 Re6 28. g4 Qa4 29. Nf6+ Rxf6 30. Qxf6 Qxa2 31. Qxf7+ Rg7 32. Qf5+ Kh8 33.
Rd8+ Rg8 34. Ng6+ Kg7 35. Ne7 Qa1+ 36. Kc2 Qa4+ 37. Kc3 Qa5+ 38. Qxa5 b6 39.
Rxg8+ Kf7 40. Qe5 a5 41. Rg7+ Kf8 42. Ng6# {ColinPenelope est échec et mat}
1-0

[Event "Champ FRA - Under 12"]
[Site "Europe Echecs"]
[Date "2020.07.08"]
[Round "9"]
[White "HenadciIlyan"]
[Black "VandenbusscheT"]
[Result "1-0"]
[WhiteElo "1191"]
[BlackElo "999"]
[PlyCount "35"]
[EventDate "2020.??.??"]

1. e4 e5 2. Nf3 Nc6 3. Bb5 a6 4. Bxc6 dxc6 5. Nxe5 Bd6 6. Nf3 Bc5 7. Nc3 Bg4 8.
d4 Bd6 9. h3 Bxf3 10. Qxf3 Nf6 11. e5 Nd5 12. exd6 Qxd6 13. Nxd5 cxd5 14. O-O
O-O 15. Qg4 h6 16. Bf4 Qb4 17. Bxh6 Rfe8 18. Qxg7# {VandenbusscheT est échec
et mat} 1-0

[Event "Champ FRA - Under 12"]
[Site "Europe Echecs"]
[Date "2020.07.08"]
[Round "9"]
[White "TrimbitasuElya"]
[Black "GourarMariem"]
[Result "1-0"]
[WhiteElo "1175"]
[BlackElo "1062"]
[PlyCount "61"]
[EventDate "2020.??.??"]

1. e4 e5 2. Nf3 Nc6 3. Bb5 Nf6 4. Nc3 Bc5 5. O-O O-O 6. Bxc6 dxc6 7. Nxe5 Qe7
8. d4 Bd6 9. Bf4 Rd8 10. Re1 g5 11. Bg3 Bxe5 12. Bxe5 Bg4 13. Bxf6 Qxf6 14.
Qxg4 Rxd4 15. e5 Qd8 16. Qg3 Rd2 17. Red1 Rxd1+ 18. Rxd1 Qe7 19. Ne4 Rd8 20.
Nf6+ Kh8 21. Rxd8+ Qxd8 22. h3 Qd1+ 23. Kh2 Kg7 24. Qxg5+ Kf8 25. Nxh7+ Ke8 26.
Qg8+ Ke7 27. Qf8+ Ke6 28. Qe8+ Kd5 29. Qd7+ Kxe5 30. Qxd1 Kf5 31. Qg4+ {
GourarMariem a abandonné} 1-0

[Event "Champ FRA - Under 12"]
[Site "Europe Echecs"]
[Date "2020.07.08"]
[Round "9"]
[White "LamorelleAlexe"]
[Black "LucaseudelineA"]
[Result "0-1"]
[WhiteElo "1009"]
[BlackElo "1167"]
[PlyCount "160"]
[EventDate "2020.??.??"]

1. e4 c5 2. Nf3 Nf6 3. Nc3 Nc6 4. Bb5 e6 5. d4 cxd4 6. Nxd4 Bb4 7. Bxc6 bxc6 8.
Qd3 O-O 9. O-O d5 10. exd5 cxd5 11. Re1 Qd6 12. Bg5 Ng4 13. Qg3 Qxg3 14. hxg3
Bxc3 15. bxc3 Rb8 16. f3 Nf6 17. Rab1 Ba6 18. Bf4 Rbc8 19. Rb3 Bc4 20. Rb7 a6
21. a3 Ba2 22. Ra7 Rxc3 23. Rxa6 Rc4 24. Be5 Nd7 25. Bd6 Rfc8 26. Rd1 e5 27.
Nf5 Kh8 28. Rxd5 Rxc2 29. Rb5 Bc4 30. Rb7 Bxa6 31. Rxd7 Rc1+ 32. Kf2 R1c2+ 33.
Ke3 R8c3+ 34. Ke4 Re2+ 35. Kd5 Bc4+ 36. Kc6 Be6+ 37. Kb7 Bxd7 38. Ne7 Rb2+ 39.
Ka7 Rxa3+ 40. Bxa3 Ra2 41. Nd5 Rxa3+ 42. Kb7 Rb3+ 43. Kc7 Ba4 44. Kd6 Rd3 45.
Kxe5 Bb3 46. Nf4 Re3+ 47. Kf5 Be6+ 48. Nxe6 fxe6+ 49. Kf4 Ra3 50. Ke5 Kg8 51.
Kxe6 Kf8 52. Kf5 Kf7 53. Ke5 Ke7 54. Kf5 Kf7 55. Ke5 Ra2 56. Kf5 Rxg2 57. Kg4
Ra2 58. Kf5 Ra3 59. Kf4 Kf6 60. Kg4 g6 61. f4 h5+ 62. Kh4 Ra5 63. g4 hxg4 64.
Kxg4 g5 65. fxg5+ Rxg5+ 66. Kf4 Rg1 67. Ke4 Rf1 68. Kd4 Re1 69. Kd3 Ke5 70. Kd2
Re4 71. Kd3 Kd5 72. Kd2 Kd4 73. Kc2 Re3 74. Kb2 Kc4 75. Kc2 Rd3 76. Kb2 Rc3 77.
Ka2 Kb4 78. Ka1 Rc2 79. Kb1 Kb3 80. Ka1 Rc1# {LamorelleAlexe est échec et mat}
0-1

[Event "Champ FRA - Under 12"]
[Site "Europe Echecs"]
[Date "2020.07.08"]
[Round "9"]
[White "MayJoani"]
[Black "MechoulanDanie"]
[Result "1-0"]
[WhiteElo "999"]
[BlackElo "1140"]
[PlyCount "83"]
[EventDate "2020.??.??"]

1. e4 d5 2. exd5 Qxd5 3. Nc3 Qa5 4. b3 c6 5. Bb2 Nf6 6. Qf3 Bg4 7. Qf4 e6 8.
Be2 Bxe2 9. Ngxe2 Bc5 10. d4 Be7 11. Qg3 Qd8 12. Qxg7 Rg8 13. Qh6 Rxg2 14. Qe3
Ng4 15. Qf3 Rxf2 16. Qxg4 Bh4 17. O-O-O f5 18. Qg8+ Ke7 19. Qxh7+ Ke8 20. Qh8+
Ke7 21. Qxh4+ Ke8 22. Qxf2 Na6 23. Nf4 Qg5 24. h4 Qh6 25. Rd2 b6 26. Qe3 c5 27.
dxc5 Kf8 28. Re1 e5 29. Qxe5 bxc5 30. Qxf5+ Kg8 31. Qg5+ Qxg5 32. hxg5 Rf8 33.
Ne6 Re8 34. Nd5 Kf7 35. Rf2+ Kg6 36. Rf6+ Kh7 37. g6+ Kg8 38. g7 c4 39. bxc4
Nc5 40. Rf8+ Rxf8 41. gxf8=Q+ Kh7 42. Qg7# {MechoulanDanie est échec et mat}
1-0

[Event "Champ FRA - Under 12"]
[Site "Europe Echecs"]
[Date "2020.07.08"]
[Round "9"]
[White "RoySuvrojita"]
[Black "NguyenSohayb"]
[Result "1/2-1/2"]
[WhiteElo "1080"]
[BlackElo "1473"]
[PlyCount "122"]
[EventDate "2020.??.??"]

1. e4 e5 2. Nf3 Nc6 3. d4 exd4 4. Nxd4 Bc5 5. Be3 Qf6 6. Nb5 Bxe3 7. fxe3 Qe5
8. N1c3 Nge7 9. Nd5 O-O 10. Nxe7+ Nxe7 11. Qd4 Qxd4 12. exd4 c6 13. Nc3 d5 14.
exd5 Nxd5 15. Nxd5 cxd5 16. Bd3 Re8+ 17. Kd2 Bg4 18. h3 Bh5 19. g4 Bg6 20. Bxg6
hxg6 21. Rae1 b5 22. Re5 Rad8 23. Kd3 a6 24. Kc3 Rxe5 25. dxe5 Re8 26. Kd4 f6
27. exf6 gxf6 28. Kxd5 Re2 29. Rc1 Rh2 30. Ke6 Kg7 31. b3 Rxh3 32. c4 Re3+ 33.
Kd5 f5 34. gxf5 gxf5 35. c5 f4 36. c6 Re8 37. c7 Rc8 38. Ke4 Kf6 39. Kxf4 Ke6
40. Rc6+ Kd5 41. Rxa6 Rxc7 42. a4 bxa4 43. bxa4 Rc4+ 44. Ke3 Kc5 45. Kd3 Rd4+
46. Kc3 Rh4 47. Ra5+ Kb6 48. Rb5+ Kc6 49. Re5 Rxa4 50. Re6+ Kd5 51. Rb6 Kc5 52.
Rb3 Rh4 53. Kc2 Kc4 54. Rc3+ Kb4 55. Rb3+ Kc4 56. Kb2 Rh2+ 57. Ka3 Rh1 58. Rb4+
Kc3 59. Rb3+ Kc4 60. Kb2 Rh2+ 61. Ka3 Rh1 {Nulle par répétition} 1/2-1/2

[Event "Champ FRA - Under 12"]
[Site "Europe Echecs"]
[Date "2020.07.08"]
[Round "9"]
[White "TournabienPaul"]
[Black "CadilhacSeffinL"]
[Result "0-1"]
[WhiteElo "1330"]
[BlackElo "1058"]
[PlyCount "112"]
[EventDate "2020.??.??"]

1. e4 e5 2. Nf3 Nc6 3. Nc3 Nf6 4. Bb5 d6 5. d4 Bd7 6. d5 Ne7 7. O-O Ng6 8. Ng5
Bxb5 9. Nxb5 Be7 10. Bd2 O-O 11. Ba5 b6 12. Qd2 bxa5 13. Qxa5 h6 14. Nf3 Nxe4
15. Rfe1 f5 16. Re2 Nf4 17. Re3 Nxd5 18. Rd3 c6 19. Qa4 Nc5 20. Qc4 Nxd3 21.
Qxd3 Nf4 22. Qc4+ Kh8 23. Qxc6 Rc8 24. Qa6 Rxc2 25. Nxa7 Qc7 26. h3 Ra8 27. Nb5
Rxa6 28. Nxc7 Rxc7 29. Ne1 Rac6 30. g3 Nxh3+ 31. Kf1 Rc1 32. Rxc1 Rxc1 33. Ke2
d5 34. Kd2 Rc7 35. a3 Bg5+ 36. Ke2 e4 37. b4 d4 38. a4 d3+ 39. Nxd3 exd3+ 40.
Kxd3 Nxf2+ 41. Ke2 Ne4 42. Kf3 Bd2 43. b5 Ra7 44. b6 Rb7 45. g4 g6 46. gxf5
gxf5 47. Ke2 Ba5 48. Ke3 Rxb6 49. Kd4 h5 50. Ke3 h4 51. Kf3 h3 52. Kf4 h2 53.
Kxf5 h1=Q 54. Kf4 Rf6+ 55. Kg4 Qg1+ 56. Kh4 Rh6# {TournabienPaul est échec et
mat} 0-1

[Event "Champ FRA - Under 12"]
[Site "Europe Echecs"]
[Date "2020.07.08"]
[Round "9"]
[White "BernardelliTho"]
[Black "NunesSoubeyranE"]
[Result "0-1"]
[WhiteElo "1079"]
[BlackElo "1220"]
[PlyCount "88"]
[EventDate "2020.??.??"]

1. d4 d6 2. Bf4 d5 3. e3 Nc6 4. Nf3 Nf6 5. Bd3 e6 6. c3 Bd6 7. Ne5 O-O 8. Nd2
Bd7 9. Ndf3 Nxe5 10. dxe5 Ng4 11. exd6 cxd6 12. Bxh7+ Kxh7 13. Ng5+ Kg8 14.
Qxg4 e5 15. Bg3 Bxg4 16. h4 d4 17. cxd4 exd4 18. exd4 Re8+ 19. Kf1 Qa5 20. f3
Bf5 21. h5 Bd3+ 22. Kg1 Re3 23. Bf2 Re2 24. Rd1 Qxg5 25. Rxd3 Rae8 26. Rd1 g6
27. hxg6 Qxg6 28. b4 R8e6 29. d5 Rf6 30. Kf1 Qc2 31. Re1 Rxe1+ 32. Bxe1 Qd3+
33. Kg1 Qe3+ 34. Kf1 Rf4 35. a4 Rd4 36. b5 Rd1 37. g4 Qxe1+ 38. Kg2 Qe2+ 39.
Kg3 Rxh1 40. Kf4 Rf1 41. Kg5 Qe5+ 42. Kh4 Rg1 43. g5 Qxg5+ 44. Kh3 Qg3# {
BernardelliTho est échec et mat} 0-1

[Event "Champ FRA - Under 12"]
[Site "Europe Echecs"]
[Date "2020.07.08"]
[Round "9"]
[White "RenaudinThibau"]
[Black "DeMouraChloe"]
[Result "1-0"]
[WhiteElo "1190"]
[BlackElo "1049"]
[PlyCount "161"]
[EventDate "2020.??.??"]

1. Nf3 d5 2. c4 c6 3. d4 Nf6 4. Nc3 Bg4 5. h3 Bxf3 6. gxf3 e6 7. e4 Bd6 8. e5
Be7 9. exf6 Bxf6 10. cxd5 cxd5 11. Bf4 Nc6 12. Bb5 O-O 13. Bxc6 bxc6 14. Be5
Bxe5 15. dxe5 f6 16. f4 fxe5 17. fxe5 Qh4 18. Qe2 Rf7 19. O-O-O Qf4+ 20. Kb1
Rb8 21. Rdf1 Qb4 22. a3 Qf4 23. Rhg1 Qf5+ 24. Kc1 d4 25. Ne4 Qxe5 26. Ng3 Qc5+
27. Kd1 d3 28. Qxd3 Rxf2 29. Ne4 Rxf1+ 30. Rxf1 Qh5+ 31. Qf3 Rd8+ 32. Ke1 Qa5+
33. Qc3 Qh5 34. Rg1 Rd1+ 35. Kf2 Qf5+ 36. Qf3 Qxf3+ 37. Kxf3 Rxg1 38. Nc5 Rg5
39. Nxe6 Rf5+ 40. Ke4 Rf6 41. Nd4 h5 42. Kd3 g5 43. Kc4 g4 44. hxg4 hxg4 45.
Kc5 g3 46. Ne2 g2 47. Ng1 Rf5+ 48. Kxc6 Rf1 49. Nh3 Rh1 50. Nf2 Rh6+ 51. Kb7
Rh7+ 52. Ka6 Rf7 53. Nh3 Rg7 54. Ng1 Rf7 55. b4 Rf1 56. Nh3 g1=Q 57. Nxg1 Rxg1
58. Kxa7 Rg7+ 59. Ka6 Rg6+ 60. Ka5 Rg5+ 61. Ka4 Rg7 62. b5 Ra7+ 63. Kb4 Rb7 64.
a4 Kf7 65. a5 Ke6 66. a6 Rd7 67. Kc5 Rd5+ 68. Kc6 Rd6+ 69. Kb7 Rd5 70. b6 Ke7
71. a7 Rd7+ 72. Kc6 Rd6+ 73. Kc7 Rd7+ 74. Kc6 Rd6+ 75. Kb5 Rd5+ 76. Ka6 Rd8 77.
b7 Rd6+ 78. Kb5 Rd5+ 79. Kc4 Rd7 80. b8=Q Ke6 81. a8=Q {DeMouraChloe a
abandonné} 1-0

[Event "Champ FRA - Under 12"]
[Site "Europe Echecs"]
[Date "2020.07.08"]
[Round "9"]
[White "EbelePierre"]
[Black "CharlierStanis"]
[Result "1-0"]
[WhiteElo "1053"]
[BlackElo "1187"]
[PlyCount "63"]
[EventDate "2020.??.??"]

1. e4 e5 2. Nf3 Nc6 3. d4 exd4 4. Nxd4 Qf6 5. c3 Bc5 6. Be3 Nxd4 7. Bxd4 Bb6 8.
Bxf6 gxf6 9. Bc4 d6 10. O-O Be6 11. Bxe6 fxe6 12. Re1 O-O-O 13. c4 d5 14. cxd5
exd5 15. exd5 c6 16. Nc3 Ba5 17. d6 Bb4 18. Re6 Nh6 19. Rxf6 Ng8 20. Re6 Kd7
21. Qg4 Bxd6 22. Rg6+ Kc7 23. Rg7+ Kb8 24. Ne4 Be5 25. Rg5 Bxb2 26. Qf4+ Ka8
27. Rb1 h6 28. Rg3 Ne7 29. h3 Ng6 30. Rxg6 Rhf8 31. Qc7 Bd4 32. Qxb7# {
CharlierStanis est échec et mat} 1-0

[Event "Champ FRA - Under 12"]
[Site "Europe Echecs"]
[Date "2020.07.08"]
[Round "9"]
[White "KurenkovAnton"]
[Black "RosamelManua"]
[Result "1/2-1/2"]
[WhiteElo "1056"]
[BlackElo "1170"]
[PlyCount "101"]
[EventDate "2020.??.??"]

1. e4 e5 2. Nf3 Nf6 3. Nxe5 d6 4. Nd3 Nxe4 5. Qe2 Qe7 6. f3 Nf6 7. Qxe7+ Bxe7
8. Nc3 O-O 9. Nf4 Re8 10. Bd3 Nc6 11. O-O b6 12. Bb5 Bb7 13. Bxc6 Bc8 14. Bxe8
Bb7 15. Bc6 Bxc6 16. Re1 Re8 17. d3 a5 18. d4 d5 19. g4 b5 20. g5 Nd7 21. Ncxd5
Bxd5 22. Nxd5 Kf8 23. g6 fxg6 24. Bg5 Bxg5 25. Rxe8+ Kxe8 26. Nxc7+ Ke7 27.
Nxb5 h5 28. Re1+ Kf6 29. d5 Nb6 30. Re6+ Kf5 31. Rxb6 Be3+ 32. Kg2 Bxb6 33. a3
g5 34. b4 axb4 35. axb4 g4 36. fxg4+ hxg4 37. d6 Bd8 38. c4 Ke6 39. Kg3 Kf5 40.
c5 g6 41. c6 Ke6 42. d7 Kd5 43. c7 Bf6 44. d8=Q+ Kc6 45. Qxf6+ Kxb5 46. Qc3 Kb6
47. Qc5+ Kb7 48. Kf4 Kc8 49. Qc6 g3 50. hxg3 g5+ 51. Kxg5 {Nulle par pat}
1/2-1/2

[Event "Champ FRA - Under 12"]
[Site "Europe Echecs"]
[Date "2020.07.08"]
[Round "9"]
[White "SaelenTitouan"]
[Black "KerjeanLohan"]
[Result "1-0"]
[WhiteElo "1152"]
[BlackElo "1008"]
[PlyCount "153"]
[EventDate "2020.??.??"]

1. c4 e5 2. Nc3 Nf6 3. e3 Nc6 4. Nge2 Bc5 5. g3 d6 6. Bg2 Be6 7. O-O Bxc4 8. d3
Be6 9. d4 Bb4 10. d5 Bxc3 11. bxc3 Bd7 12. dxc6 Bxc6 13. Bxc6+ bxc6 14. Qa4 O-O
15. Qxc6 Qd7 16. Qxd7 Nxd7 17. Ba3 Nb6 18. f4 Nc4 19. Bb4 c5 20. Bxc5 dxc5 21.
fxe5 Nxe3 22. Rf3 Nc2 23. Raf1 Rab8 24. e6 Rb7 25. Kg2 Na3 26. Nc1 Nb5 27. Nb3
Nd6 28. Nxc5 Rc7 29. Na6 Rb7 30. Nc5 Rc7 31. Nd3 Nc4 32. a3 Nd2 33. exf7+ Rcxf7
34. Rxf7 Nxf1 35. Rxf1 Rc8 36. Rc1 Kf7 37. Ne5+ Ke6 38. Nd3 Kd5 39. Nb4+ Kc5
40. Na6+ Kb5 41. Nb4 a5 42. Na2 Ka4 43. Kf3 Kxa3 44. Ra1 Kb3 45. Nc1+ Kb2 46.
Rxa5 Kxc1 47. Ra1+ Kb2 48. Rg1 Kxc3 49. Rc1+ Kd4 50. Rxc8 Ke5 51. Rf8 g5 52.
Rf7 h5 53. h3 h4 54. gxh4 gxh4 55. Kg4 Ke6 56. Rf1 Ke5 57. Rf2 Ke4 58. Re2+ Kd3
59. Re8 Kd4 60. Kf5 Kd5 61. Rd8+ Kc6 62. Rd1 Kc5 63. Ke4 Kc4 64. Rc1+ Kb3 65.
Rc8 Kb4 66. Kd5 Kb3 67. Kd4 Kb2 68. Kd3 Kb3 69. Rb8+ Ka4 70. Kc3 Ka5 71. Kc4
Ka6 72. Rb1 Ka7 73. Kc5 Ka6 74. Rb2 Ka7 75. Kc6 Ka8 76. Kc7 Ka7 77. Ra2# {
KerjeanLohan est échec et mat} 1-0

[Event "Champ FRA - Under 12"]
[Site "Europe Echecs"]
[Date "2020.07.08"]
[Round "9"]
[White "GadoisClaire"]
[Black "JoinOctave"]
[Result "0-1"]
[WhiteElo "1040"]
[BlackElo "1135"]
[PlyCount "52"]
[EventDate "2020.??.??"]

1. e4 c5 2. Nf3 e6 3. c3 Nf6 4. Be2 d5 5. exd5 exd5 6. d4 cxd4 7. cxd4 Nc6 8.
O-O Bb4 9. a3 Ba5 10. b4 Bb6 11. Nc3 O-O 12. Bg5 h6 13. Bxf6 Qxf6 14. Nxd5 Qd6
15. Nxb6 axb6 16. Rc1 Rd8 17. b5 Nxd4 18. Nxd4 Qxd4 19. Qxd4 Rxd4 20. Rc3 Bd7
21. Rc7 Rxa3 22. Rxb7 Ra2 23. Rd1 Rxd1+ 24. Bxd1 Rd2 25. Bb3 Re2 26. Rxd7 Re1#
{GadoisClaire est échec et mat} 0-1

[Event "Champ FRA - Under 12"]
[Site "Europe Echecs"]
[Date "2020.07.08"]
[Round "9"]
[White "LemoalZakarya"]
[Black "OuaichaIsmail"]
[Result "1-0"]
[WhiteElo "1134"]
[BlackElo "1000"]
[PlyCount "119"]
[EventDate "2020.??.??"]

1. e4 e5 2. Nf3 Bb4 3. Bc4 Bc5 4. d3 Nf6 5. Be3 Bxe3 6. fxe3 O-O 7. Nxe5 Qe7 8.
Nf3 Qb4+ 9. Nc3 Qxb2 10. Nd5 Nxd5 11. Bxd5 Qc3+ 12. Nd2 Qc5 13. Nc4 Qb4+ 14.
Nd2 Qc5 15. d4 Qc3 16. Kf2 h6 17. Rb1 Nc6 18. Nc4 Nb4 19. Rb3 Qxc2+ 20. Qxc2
Nxc2 21. Rc1 c6 22. Rxc2 cxd5 23. exd5 b6 24. Nd6 Ba6 25. Ra3 Bc8 26. Rac3 Ba6
27. a4 Rab8 28. Rc7 Bd3 29. R2c3 Be4 30. Nxe4 b5 31. axb5 Rxb5 32. Nd6 Rxd5 33.
Ne4 Rf5+ 34. Ke2 Rh5 35. h3 Rh4 36. Kf3 Rh5 37. Rxd7 Rf5+ 38. Ke2 Rh5 39. Rxa7
Rh4 40. Kd3 Rh5 41. Rc2 Re8 42. Rf2 Rf8 43. Rf3 g6 44. Nf6+ Kg7 45. Nxh5+ gxh5
46. Ra6 h4 47. Rf4 Rb8 48. Rg4+ Kh7 49. Rxh4 Rb2 50. Rhxh6+ Kg7 51. g3 Rb3+ 52.
Ke4 Rb2 53. Rh4 Rg2 54. Rg4+ Kf8 55. Ra7 Rh2 56. Rf4 Rxh3 57. Rfxf7+ Ke8 58.
Rg7 Kf8 59. Rgc7 Rh7 60. Ra8# {OuaichaIsmail est échec et mat} 1-0

[Event "Champ FRA - Under 12"]
[Site "Europe Echecs"]
[Date "2020.07.08"]
[Round "9"]
[White "AumontDiego"]
[Black "DuboisGabriel"]
[Result "0-1"]
[WhiteElo "999"]
[BlackElo "1124"]
[PlyCount "122"]
[EventDate "2020.??.??"]

1. e4 e5 2. Nf3 Nc6 3. Bc4 Bc5 4. d3 d6 5. Ng5 Be6 6. Bxe6 fxe6 7. Nxe6 Qf6 8.
Nxc5 dxc5 9. O-O Nge7 10. Qh5+ Qg6 11. Qxg6+ hxg6 12. Nc3 O-O-O 13. Nd5 Nxd5
14. exd5 Rxd5 15. c4 Rxd3 16. Bg5 Rh5 17. Bc1 Nd4 18. g4 Rh4 19. g5 Rg4+ 20.
Kh1 Nf3 21. h3 Rh4 22. Kg2 Nd4 23. f3 e4 24. fxe4 Rhxh3 25. e5 Rhg3+ 26. Kh2
Rh3+ 27. Kg2 Rdg3+ 28. Kf2 Rf3+ 29. Ke1 Rxf1+ 30. Kxf1 Rh1+ 31. Kf2 Kd7 32. Kg2
Re1 33. Kf2 Re2+ 34. Kf1 Ke6 35. Bf4 Kf5 36. Bg3 Kxg5 37. Re1 Rxe1+ 38. Kxe1
Kg4 39. e6 Nxe6 40. Bh2 c6 41. Be5 b5 42. cxb5 cxb5 43. Kd2 a5 44. Kc3 Kf5 45.
Bd6 g5 46. b4 axb4+ 47. Kb3 g4 48. Bg3 Nd4+ 49. Kb2 Ne2 50. Bh2 g3 51. Bxg3
Nxg3 52. Kb3 Ne4 53. Kc2 g5 54. Kd3 g4 55. a3 bxa3 56. Ke3 g3 57. Kf3 a2 58.
Kg2 a1=Q 59. Kf3 Qf1+ 60. Ke3 Qf2+ 61. Kd3 c4# {AumontDiego est échec et mat}
0-1

[Event "Champ FRA - Under 12"]
[Site "Europe Echecs"]
[Date "2020.07.08"]
[Round "9"]
[White "DuportailIdris"]
[Black "SakiMehdi"]
[Result "0-1"]
[WhiteElo "960"]
[BlackElo "1107"]
[PlyCount "48"]
[EventDate "2020.??.??"]

1. e4 e5 2. Nf3 Nc6 3. Bc4 Bc5 4. Nc3 Nf6 5. Ng5 O-O 6. Qf3 d6 7. Nd5 Bg4 8.
Nxf6+ Qxf6 9. Qxg4 Qxf2+ 10. Kd1 h6 11. Bxf7+ Rxf7 12. Ne6 Re8 13. d3 Nb4 14.
Bd2 Nc6 15. Bxh6 Rxe6 16. Qxe6 Nd4 17. Bd2 Nxe6 18. Re1 Nd4 19. Be3 Qxg2 20.
Rg1 Rf1+ 21. Rxf1 Qxf1+ 22. Kd2 Bb4+ 23. c3 Qe2+ 24. Kc1 Qc2# {DuportailIdris
est échec et mat} 0-1

[Event "Champ FRA - Under 12"]
[Site "Europe Echecs"]
[Date "2020.07.08"]
[Round "9"]
[White "BaronSacha"]
[Black "BourezzouSofia"]
[Result "0-1"]
[WhiteElo "799"]
[BlackElo "1090"]
[PlyCount "26"]
[EventDate "2020.??.??"]

1. e4 e5 2. f3 Qh4+ 3. g3 Qf6 4. Nh3 g5 5. Bb5 g4 6. fxg4 c6 7. Bc4 d5 8. Bd3
Bc5 9. g5 Qe7 10. c3 Bxh3 11. Bf1 Qxg5 12. Be2 Qf6 13. exd5 Qf2# {BaronSacha
est échec et mat} 0-1

[Event "Champ FRA - Under 12"]
[Site "Europe Echecs"]
[Date "2020.07.08"]
[Round "9"]
[White "RoubaudLouisAl"]
[Black "FernandesMerle"]
[Result "0-1"]
[WhiteElo "1101"]
[BlackElo "1461"]
[PlyCount "80"]
[EventDate "2020.??.??"]

1. d4 d5 2. Nf3 Nf6 3. e3 e6 4. Bd3 Bd6 5. c3 Nc6 6. c4 dxc4 7. Bxc4 O-O 8. Nc3
h6 9. e4 Bb4 10. Qd3 a6 11. O-O Ba5 12. Re1 Re8 13. Bf4 Nh5 14. Be5 Nxe5 15.
Nxe5 Nf6 16. Rad1 Bb6 17. Ne2 Ba5 18. Rf1 b5 19. Bb3 Bb7 20. f3 Bb6 21. a4 bxa4
22. Bxa4 Rf8 23. b4 Qd6 24. Qc4 Rfd8 25. Rd2 a5 26. b5 Rac8 27. Rfd1 Nh7 28.
Ng4 Nf6 29. Nxf6+ gxf6 30. g3 e5 31. Kf1 Qd7 32. Ke1 Qh3 33. Kf2 Qxh2+ 34. Ke3
exd4+ 35. Nxd4 Bxd4+ 36. Rxd4 Qxg3 37. Rxd8+ Rxd8 38. Rxd8+ Kg7 39. Rd7 Qg1+
40. Kf4 Qg5# {RoubaudLouisAl est échec et mat} 0-1

[Event "Champ FRA - Under 12"]
[Site "Europe Echecs"]
[Date "2020.07.08"]
[Round "9"]
[White "ChareyreMathie"]
[Black "LoszycerSasha"]
[Result "0-1"]
[WhiteElo "1080"]
[BlackElo "1162"]
[PlyCount "70"]
[EventDate "2020.??.??"]

1. e4 d6 2. Nf3 g6 3. d4 Bg7 4. Be3 Nd7 5. Bc4 Ngf6 6. Nc3 O-O 7. e5 dxe5 8.
dxe5 Ng4 9. e6 Nxe3 10. fxe3 fxe6 11. Bxe6+ Kh8 12. O-O Nc5 13. Ng5 Rxf1+ 14.
Qxf1 Bxe6 15. Nxe6 Nxe6 16. Qf7 Bxc3 17. bxc3 Ng5 18. Qf5 e6 19. Qe5+ Kg8 20.
h4 Nf7 21. Qxe6 Qe8 22. Qh3 h5 23. g4 hxg4 24. Qxg4 Nh6 25. Qg5 Nf7 26. Qxg6+
Kf8 27. h5 Qxe3+ 28. Kg2 Qe2+ 29. Kh3 Qf3+ 30. Kh4 Qxc3 31. h6 Qxa1 32. h7 Ke7
33. Qe4+ Qe5 34. Qb4+ Kf6 35. Qf8 Rxf8 {ChareyreMathie a abandonné} 0-1

[Event "Champ FRA - Under 12"]
[Site "Europe Echecs"]
[Date "2020.07.08"]
[Round "9"]
[White "TurcuLaura"]
[Black "YcardFaustine"]
[Result "1-0"]
[WhiteElo "1006"]
[BlackElo "1380"]
[PlyCount "67"]
[EventDate "2020.??.??"]

1. e4 e5 2. Nf3 Nc6 3. Bc4 Nf6 4. Ng5 Rg8 5. d3 Qe7 6. Bxf7+ Kd8 7. Bxg8 g6 8.
Bb3 Bh6 9. O-O Ne8 10. Nh3 d6 11. Nc3 Bxh3 12. Bxh6 Be6 13. Bxe6 Qxe6 14. Qf3
Nd4 15. Bg5+ Kd7 16. Qh3 Qxh3 17. gxh3 Nf3+ 18. Kh1 Nd2 19. Bxd2 Nf6 20. f4
exf4 21. Rxf4 Nh5 22. Rf7+ Ke6 23. Rxh7 Nf6 24. Rh6 Ng8 25. Rxg6+ Nf6 26. Bg5
Ke5 27. Bxf6+ Ke6 28. Bd4+ Kf7 29. Rf6+ Kg7 30. Rg1+ Kh7 31. Rf7+ Kh6 32. Rxc7
b6 33. Nd5 Kh5 34. Rh7# {YcardFaustine est échec et mat} 1-0